000
00219nam a22000857a 4500
008
161121b xxu||||| |||| 00| 0 eng d
100
_9
1307
_a
Singh.R.P.
245
_a
Mathematics-Vol-II
260
_a
New Delhi
_b
V.K. global
_c
2014
999
_c
4019
_d
4019